[Event "Amber-blind 13th"]
[Site "Monaco"]
[Date "2004.03.23"]
[Round "4"]
[White "Vallejo Pons, Francisco"]
[Black "Svidler, Peter"]
[Result "1/2-1/2"]
[WhiteElo "2663"]
[BlackElo "2747"]
[PlyCount "67"]
[EventDate "2004.03.20"]
[Source "ChessBase"]
[SourceDate "2004.05.04"]

1. d4 Nf6 2. c4 g6 3. Nc3 d5 4. Bg5 Ne4 5. Bh4 Nxc3 6. bxc3 Bg7 7. e3 c5 8. cxd5 cxd4 9. cxd4 Qxd5 10. Be2 e5 11. dxe5 Qa5+ 12. Qd2 Qxd2+ 13. Kxd2 Bxe5 14. Rb1 O-O 15. Nf3 Bd6 16. Nd4 a6 17. Bf3 Ra7 18. a4 Nd7 19. Rhc1 Ne5 20. Bd5 b5 21. axb5 axb5 22. Nxb5 Rd7 23. Nxd6 Rxd6 24. e4 Ra6 25. f4 Ng4 26. h3 Nf6 27. Bc6 Bd7 28. Bb7 Ra2+ 29. Rc2 Rxc2+ 30. Kxc2 Nh5 31. Bg5 Kg7 32. g4 f6 33. gxh5 fxg5 34. hxg6 1/2-1/2

[Event "Beer Sheva ISR, World Team Ch"]
[Site "?"]
[Date "2005.11.10"]
[Round "9"]
[White "Azmaiparashvili Zurab"]
[Black "Ivanchuk Vassily"]
[Result "1/2-1/2"]
[WhiteElo "2658"]
[BlackElo "2748"]
[PlyCount "33"]
[EventDate "2005.??.??"]
[Source "www.chesslib.no"]
[SourceDate "2004.05.04"]

1. d4 Nf6 2. c4 g6 3. Nc3 d5 4. Bg5 Ne4 5. Bh4 c5 6. cxd5 Nxc3 7. bxc3 Qxd5 8. e3 Bg7 9. Bb5+ Bd7 10. Qf3 Qxf3 11. Bxd7+ Kxd7 12. Nxf3 Nc6 13. Rb1 b6 14. dxc5 Rhc8 15. Ke2 Ke8 16. Rhc1 Nd8 17. cxb6 1/2-1/2

[Event "Olimpiadi 2008 - open"]
[Site "Dresda GER"]
[Date "2008.11.16"]
[Round "4"]
[White "Harikrishna, P."]
[Black "Svidler, P."]
[Result "1-0"]
[WhiteElo "2659"]
[BlackElo "2727"]
[PlyCount "53"]
[EventDate "2008.11.13"]
[Source "www.chesslib.no"]
[SourceDate "2004.05.04"]

1. d4 Nf6 2. c4 g6 3. Nc3 d5 4. Bg5 Ne4 5. Bh4 Nxc3 6. bxc3 dxc4 7. e3 Be6 8. Be2 Bg7 9. Nf3 c5 10. O-O O-O 11. Ng5 Bd5 12. e4 h6 13. exd5 hxg5 14. Bxg5 cxd4 15. Bxc4 dxc3 16. Rc1 Qd6 17. Re1 Re8 18. Qe2 Kf8 19. Qf3 Nd7 20. Bf4 Qc5 21. Bb3 Kg8 22. g4 Nb6 23. d6 e6 24. Qxb7 Red8 25. Rxe6 Rab8 26. Qf3 Nc4 27. Re7 1-0

[Event "BL 06/07"]
[Site "Germania"]
[Date "2006.11.19"]
[Round "?"]
[White "Sargissian, G."]
[Black "Naiditsch, A."]
[Result "1/2-1/2"]
[WhiteElo "2592"]
[BlackElo "2765"]
[PlyCount "84"]
[EventDate "2006.10.28"]
[Source "www.chesslib.no"]
[SourceDate "2004.05.04"]

1. d4 Nf6 2. c4 g6 3. Nc3 d5 4. Bg5 Ne4 5. Bh4 Nxc3 6. bxc3 dxc4 7. e3 Be6 8. Qb1 c5 9. Qxb7 Bd5 10. Qb5+ Qd7 11. Rb1 Qxb5 12. Rxb5 Nd7 13. Nf3 e6 14. Be2 Be7 15. Kd2 cxd4 16. exd4 a6 17. Rbb1 g5 18. Bg3 g4 19. Ne1 h5 20. h3 Nf6 21. f3 gxf3 22. gxf3 Rg8 23. Bf2 Bd6 24. Nc2 Kd7 25. Ne3 Bf4 26. Rhg1 Bc6 27. Rxg8 Rxg8 28. Ke1 Nd5 29. Nd1 Bb5 30. a4 Bxa4 31. Bxc4 Bxd1 32. Rxd1 Nxc3 33. Ra1 Rb8 34. Bxa6 Rb2 35. Bc4 Kc8 36. h4 Kb8 37. Bd3 Nd5 38. Be4 Be3 39. Bxe3 Nxe3 40. Ra8+ Kc7 41. Ra7+ Kd6 42. Rxf7 Ng2+ 1/2-1/2

[Event "Madrid 72/411"]
[Site "?"]
[Date "1998.??.??"]
[Round "?"]
[White "Krasenkow, Michal"]
[Black "Svidler, Peter"]
[Result "1/2-1/2"]
[WhiteElo "2660"]
[BlackElo "2690"]
[PlyCount "52"]
[EventDate "1998.??.??"]
[Source "ChessBase"]
[SourceDate "1998.02.01"]

1. d4 Nf6 2. c4 g6 3. Nc3 d5 4. Bg5 Bg7 5. e3 c5 6. Bxf6 Bxf6 7. cxd5 cxd4 8. exd4 O-O 9. Bc4 Qb6 10. Nge2 Qxb2 11. Rb1 Qa3 12. O-O Nd7 13. Ne4 Nb6 14. Bb3 Bg7 15. Re1 Rd8 16. N2c3 Bf5 17. g4 Bxe4 18. Rxe4 Rac8 19. Qf3 Rd7 20. Rf4 Nc4 21. Rxf7 Nd2 22. Qf4 Nxb1 23. Rxg7+ Kxg7 24. Qe5+ Kf7 25. Qe6+ Kg7 26. Qe5+ Kf7 1/2-1/2

[Event "VII Gibtelecom Masters"]
[Site "Caleta ING"]
[Date "2009.02.02"]
[Round "7"]
[White "Harikrishna, P."]
[Black "Avrukh, B."]
[Result "1-0"]
[WhiteElo "2673"]
[BlackElo "2645"]
[PlyCount "75"]
[EventDate "2009.01.27"]
[Source "www.chesslib.no"]
[SourceDate "2004.05.04"]

1. d4 Nf6 2. c4 g6 3. Nc3 d5 4. Bg5 Ne4 5. Bh4 Nxc3 6. bxc3 dxc4 7. e3 Be6 8. Be2 Bg7 9. Nf3 c5 10. O-O O-O 11. Ng5 Bf5 12. Bxc4 Nc6 13. Qb3 e6 14. Nf3 Qb6 15. Nd2 cxd4 16. cxd4 Rfc8 17. Be2 Qxb3 18. axb3 e5 19. d5 Nb4 20. e4 Rc2 21. Rfd1 Bd7 22. Bf1 b5 23. Bg5 a6 24. Nf3 Rb2 25. Be7 Rxb3 26. Rdc1 Re8 27. Bd6 Bf8 28. Bxf8 Kxf8 29. Rc7 Rd8 30. Nxe5 Be8 31. h4 Rb2 32. Ra3 Rb1 33. Rf3 Kg8 34. Ng4 f5 35. Nf6+ Kf8 36. Nxh7+ Kg8 37. Nf6+ Kf8 38. h5 1-0

[Event "HB Global Chess Challenge"]
[Site "?"]
[Date "2005.05.21"]
[Round "7.4"]
[White "Izoria Zviad"]
[Black "Mikhalevski Victor"]
[Result "1-0"]
[WhiteElo "2651"]
[BlackElo "2666"]
[PlyCount "75"]
[EventDate "2005.??.??"]
[Source "www.chesslib.no"]
[SourceDate "2004.05.04"]

1. d4 Nf6 2. c4 g6 3. Nc3 d5 4. Bg5 Ne4 5. Bh4 Nxc3 6. bxc3 dxc4 7. e3 Qd5 8. Nf3 Bg7 9. Be2 Qa5 10. O-O Qxc3 11. Nd2 Qa5 12. Nxc4 Qd5 13. Qb3 Nc6 14. Bf3 Qf5 15. Rac1 O-O 16. Rfd1 g5 17. Bg3 g4 18. Be2 h5 19. Bxc7 h4 20. d5 Ne5 21. Bxe5 Bxe5 22. Bxg4 Bxh2+ 23. Kxh2 Qxg4 24. Rd4 Qh5 25. Qb4 Re8 26. Nd2 h3 27. g3 b6 28. Qc4 Bd7 29. Rh4 Qe5 30. Nf3 Qg7 31. Qe4 Qg6 32. Qxg6+ fxg6 33. Ne5 Rac8 34. Rxc8 Bxc8 35. Nxg6 Kg7 36. Ne5 Kf6 37. Nc6 e5 38. Nxa7 1-0

[Event "5th IECC"]
[Site "Antalya"]
[Date "2004.05.20"]
[Round "5"]
[White "Gurevich, Mikhail"]
[Black "Krasenkow, Michal"]
[Result "1/2-1/2"]
[WhiteElo "2672"]
[BlackElo "2609"]
[PlyCount "55"]
[EventDate "2004.05.15"]
[Source "Roberto Alvarez"]
[SourceDate "2004.05.31"]

1. d4 Nf6 2. c4 g6 3. Nc3 d5 4. Bg5 Ne4 5. Bh4 c5 6. cxd5 Nxc3 7. bxc3 Qxd5 8. e3 cxd4 9. Qxd4 Qxd4 10. cxd4 e6 11. Bd3 Nc6 12. Nf3 Be7 13. Bg3 Nb4 14. Bb5+ Bd7 15. Bxd7+ Kxd7 16. Ne5+ Ke8 17. Kd2 f6 18. Nd3 Nxd3 19. Kxd3 Kd7 20. Rhb1 b6 21. a4 h5 22. h4 Rhc8 23. a5 Bd8 24. f3 Rc6 25. Be1 a6 26. axb6 Rxb6 27. Rxb6 Bxb6 28. e4 1/2-1/2

[Event "Moscow 5'"]
[Site "Moscow RUS"]
[Date "1971.??.??"]
[Round "?"]
[White "Taimanov, Mark E"]
[Black "Korchnoi, Viktor L"]
[Result "0-1"]
[WhiteElo "2620"]
[BlackElo "2660"]
[PlyCount "86"]
[EventDate "1971.??.??"]
[Source "www.chesslib.no"]
[SourceDate "2004.05.04"]

1. d4 Nf6 2. c4 g6 3. Nc3 d5 4. Bg5 Ne4 5. Bh4 c5 6. e3 Nxc3 7. bxc3 Bg7 8. cxd5 Qxd5 9. Qf3 Be6 10. Bb5+ Nc6 11. e4 Qh5 12. Qxh5 gxh5 13. Rd1 a6 14. Bxc6+ bxc6 15. Ne2 Bxa2 16. dxc5 Bc4 17. Nd4 O-O 18. f3 Rfe8 19. Nxc6 Bxc3+ 20. Kf2 Bf6 21. Bxf6 exf6 22. Na5 Bb5 23. c6 Rac8 24. Rd6 Re6 25. Rhd1 Bxc6 26. Rxe6 fxe6 27. Rd6 Bb5 28. Rxe6 Kf7 29. Rb6 Rc2+ 30. Kg3 h4+ 31. Kxh4 Rxg2 32. Nb7 Rxh2+ 33. Kg3 Rc2 34. Nd6+ Kg6 35. e5 Rc6 36. Rxc6 Bxc6 37. e6 a5 38. f4 a4 39. f5+ Kg5 40. Nc4 Kxf5 41. e7 Ke6 42. Na5 Bb5 43. Nb7 Kxe7 0-1

[Event "Nederland (ch)"]
[Site "?"]
[Date "2004.??.??"]
[Round "?"]
[White "Sokolov, I."]
[Black "Nijboer, F."]
[Result "1-0"]
[WhiteElo "2690"]
[BlackElo "2575"]
[PlyCount "67"]
[EventDate "2004.??.??"]
[Source "Chess Informant"]
[SourceDate "2004.06.01"]

1. d4 Nf6 2. c4 g6 3. Nc3 d5 4. Bg5 Ne4 5. Bh4 Nxc3 6. bxc3 Bg7 7. cxd5 Qxd5 8. e3 c5 9. Qf3 Qd8 10. Bc4 O-O 11. Ne2 cxd4 12. exd4 Qc7 13. Bb3 Nc6 14. O-O e5 15. Rad1 Na5 16. Bd5 Be6 17. Bxe6 fxe6 18. Qe4 Qc4 19. f3 exd4 20. cxd4 Nc6 21. Rd2 Rac8 22. Rfd1 Bh6 23. Rb2 b6 24. Bf2 Na5 25. Be3 Bg7 26. Nf4 e5 27. Nd5 Rcd8 28. Ne7+ Kh8 29. Rc2 Qf7 30. Rc7 Bf6 31. Rxa7 exd4 32. Bxd4 Qg7 33. Nxg6+ hxg6 34. Rxg7 1-0

[Event "34. TCh-GRE"]
[Site "?"]
[Date "2005.07.05"]
[Round "2"]
[White "Macieja Bartlomiej"]
[Black "Navara David"]
[Result "1/2-1/2"]
[WhiteElo "2593"]
[BlackElo "2663"]
[PlyCount "110"]
[EventDate "2005.??.??"]
[Source "www.chesslib.no"]
[SourceDate "2004.05.04"]

1. d4 Nf6 2. c4 g6 3. Nc3 d5 4. Bg5 Ne4 5. Bh4 Nxc3 6. bxc3 dxc4 7. e3 Be6 8. Qb1 b6 9. Nh3 Bh6 10. Bg5 Bxg5 11. Nxg5 Qd5 12. Nxe6 Qxe6 13. Qb5+ c6 14. Qxc4 Qxc4 15. Bxc4 Nd7 16. a4 Rc8 17. Ba6 Rc7 18. a5 e6 19. Kd2 Ke7 20. Rhb1 Rd8 21. axb6 Nxb6 22. Ke2 c5 23. Ra3 cxd4 24. cxd4 Nd5 25. Kf3 Kf6 26. Bd3 e5 27. dxe5+ Kxe5 28. Rba1 Rc3 29. Be4 Rxa3 30. Rxa3 Rd7 31. Ra5 h5 32. g3 Ke6 33. Bxd5+ Rxd5 34. Ra6+ Rd6 35. Rxa7 Rd2 36. Ra6+ Ke7 37. h3 Rb2 38. e4 Rb3+ 39. Kf4 h4 40. gxh4 Rxh3 41. Kg5 Rh2 42. f3 Rg2+ 43. Kh6 Rg3 44. Ra3 Kf6 45. Kh7 Rh3 46. Kg8 Rxh4 47. Ra7 Rf4 48. Rxf7+ Ke5 49. Kg7 g5 50. Re7+ Kd6 51. Rf7 Ke5 52. Kg6 Rxf7 53. Kxf7 Kf4 54. Kf6 Kxf3 55. Kxg5 Kxe4 1/2-1/2

[Event "FRA Ch Top 16 GpB"]
[Site "?"]
[Date "2005.02.04"]
[Round "1"]
[White "Gurevich Mikhail"]
[Black "McShane Luke J"]
[Result "1/2-1/2"]
[WhiteElo "2634"]
[BlackElo "2614"]
[PlyCount "91"]
[EventDate "2005.??.??"]
[Source "www.chesslib.no"]
[SourceDate "2004.05.04"]

1. d4 Nf6 2. c4 g6 3. Nc3 d5 4. Bg5 Ne4 5. Bh4 Nxc3 6. bxc3 dxc4 7. e3 Be6 8. Rb1 b6 9. Nf3 c6 10. e4 b5 11. Be2 Bh6 12. O-O a6 13. Ng5 Bc8 14. f4 f6 15. Nh3 Nd7 16. g4 Nb6 17. Qc2 Be6 18. f5 gxf5 19. gxf5 Bf7 20. Qd1 Kd7 21. Kh1 Kc8 22. Bg3 Kb7 23. Nf4 Bxf4 24. Bxf4 Qd7 25. a4 Rhg8 26. Bf3 Rad8 27. axb5 axb5 28. Be3 Ra8 29. d5 Rgc8 30. Qd4 c5 31. Qd2 Ra5 32. Qf2 Qd6 33. Rg1 Nd7 34. Rg7 Be8 35. Qf1 Ne5 36. Be2 Ka6 37. Bf4 h5 38. Ra1 Rxa1 39. Qxa1+ Kb7 40. Qb1 Kc7 41. Qa1 Kb7 42. Rg8 Qb6 43. Rg7 Rc7 44. Rg8 Rc8 45. Rg7 Rc7 46. Rg8 1/2-1/2

[Event "Lost Boys op"]
[Site "Amsterdam"]
[Date "2002.08.03"]
[Round "9"]
[White "Sokolov, Ivan"]
[Black "Nijboer, Friso"]
[Result "1-0"]
[WhiteElo "2677"]
[BlackElo "2567"]
[PlyCount "69"]
[EventDate "2002.07.26"]
[Source "ChessBase"]
[SourceDate "2002.09.11"]

1. d4 Nf6 2. c4 g6 3. Nc3 d5 4. Bg5 Ne4 5. Bh4 Nxc3 6. bxc3 Bg7 7. cxd5 Qxd5 8. e3 Qa5 9. Qb3 c5 10. Bc4 cxd4 11. exd4 O-O 12. Nf3 Nc6 13. O-O Qh5 14. Qb5 Bg4 15. Qxh5 Bxh5 16. Nd2 Rfc8 17. Bd3 e5 18. d5 Na5 19. Rac1 f5 20. f3 Bh6 21. Rc2 Be3+ 22. Bf2 Bxf2+ 23. Kxf2 Rd8 24. c4 b5 25. cxb5 Rxd5 26. Be2 Rd4 27. Nc4 Nxc4 28. Rxc4 Rxc4 29. Bxc4+ Kf8 30. Rd1 Rc8 31. Bb3 Rc5 32. Rd8+ Ke7 33. Rh8 Rxb5 34. Rxh7+ Kf6 35. h4 1-0

[Event "2. Samba Cup"]
[Site "?"]
[Date "2005.10.23"]
[Round "9"]
[White "Jobava Baadur"]
[Black "Miton Kamil"]
[Result "1-0"]
[WhiteElo "2601"]
[BlackElo "2636"]
[PlyCount "77"]
[EventDate "2005.??.??"]
[Source "www.chesslib.no"]
[SourceDate "2004.05.04"]

1. d4 Nf6 2. c4 g6 3. Nc3 d5 4. Bg5 Bg7 5. Bxf6 Bxf6 6. cxd5 c6 7. Rc1 O-O 8. dxc6 Bxd4 9. c7 Bxc3+ 10. Rxc3 Qxd1+ 11. Kxd1 Nc6 12. e4 Bd7 13. Nf3 Rfc8 14. Bb5 Rxc7 15. Kd2 a6 16. Ba4 Rcc8 17. Rhc1 b5 18. Bb3 e6 19. e5 Kf8 20. Bc2 Na5 21. Bd3 Rxc3 22. Rxc3 Nc6 23. Be4 Rc8 24. Bxc6 Bxc6 25. Ke3 Ke7 26. Ng5 h6 27. Ne4 Rc7 28. g4 Kd8 29. Nf6 a5 30. h4 Kc8 31. Ng8 h5 32. gxh5 gxh5 33. Nf6 Kb7 34. Nxh5 b4 35. Rc1 Rd7 36. Nf6 Rd8 37. h5 Bb5 38. Kf4 Rd3 39. Rh1 1-0

[Event "TCh-GRE"]
[Site "?"]
[Date "2004.07.10"]
[Round "8"]
[White "Izoria Zviad"]
[Black "Krasenkow Michal"]
[Result "1/2-1/2"]
[WhiteElo "2593"]
[BlackElo "2632"]
[PlyCount "27"]
[EventDate "2004.??.??"]
[Source "www.chesslib.no"]
[SourceDate "2004.05.04"]

1. d4 Nf6 2. c4 g6 3. Nc3 d5 4. Bg5 Ne4 5. Bh4 c5 6. cxd5 Nxc3 7. bxc3 Qxd5 8. e3 cxd4 9. Qxd4 Qxd4 10. cxd4 e6 11. Nf3 Nc6 12. Bb5 Bd7 13. Rb1 Be7 14. Bxe7 1/2-1/2

[Event "Brno"]
[Site "?"]
[Date "1991.??.??"]
[Round "?"]
[White "Shirov, A."]
[Black "Epishin, V."]
[Result "1/2-1/2"]
[WhiteElo "2610"]
[BlackElo "2615"]
[PlyCount "67"]
[EventDate "1991.??.??"]
[Source "ChessBase"]
[SourceDate "1991.06.01"]

1. d4 Nf6 2. c4 g6 3. Nc3 d5 4. Bg5 Ne4 5. Bf4 Nxc3 6. bxc3 dxc4 7. e3 Bg7 8. Bxc4 c5 9. Nf3 O-O 10. O-O Nc6 11. Rb1 Bf5 12. Rb5 cxd4 13. cxd4 Rc8 14. Qa4 b6 15. Rxf5 gxf5 16. Ba6 Qd7 17. Bxc8 Rxc8 18. Rc1 Ne5 19. Rxc8+ Qxc8 20. h3 Nxf3+ 21. gxf3 a6 22. d5 b5 23. Qa5 e5 24. Bg5 f6 25. Bh4 Kf7 26. Qb6 Qd7 27. e4 fxe4 28. fxe4 Qxh3 29. Qc7+ Kg6 30. Bg3 h5 31. d6 h4 32. Bxh4 Qxh4 33. d7 Qg4+ 34. Kf1 1/2-1/2

[Event "North Sea Cup 18th"]
[Site "Esbjerg"]
[Date "2003.07.09"]
[Round "6"]
[White "Hansen, Curt"]
[Black "Krasenkow, Michal"]
[Result "1-0"]
[WhiteElo "2610"]
[BlackElo "2609"]
[PlyCount "43"]
[EventDate "2003.06.04"]
[Source "ChessBase"]
[SourceDate "2003.09.25"]

1. d4 Nf6 2. c4 g6 3. Nc3 d5 4. Bg5 Ne4 5. Bh4 c5 6. e3 Qa5 7. Qb3 cxd4 8. exd4 Bh6 9. Rd1 dxc4 10. Bxc4 Nd6 11. Nf3 Nc6 12. d5 Nb4 13. O-O Bf5 14. Nd4 Qc5 15. Be2 Bg7 16. Ncb5 Nxb5 17. Bxb5+ Kf8 18. Rfe1 e5 19. Nxf5 gxf5 20. d6 e4 21. d7 Bd4 22. Qc4 1-0

[Event "Acropolis 2007"]
[Site "Athens"]
[Date "2007.08.21"]
[Round "8.1"]
[White "Banikas, Hristos"]
[Black "Smirin, Ilia"]
[Result "1/2-1/2"]
[WhiteElo "2567"]
[BlackElo "2649"]
[PlyCount "37"]
[EventDate "2007.08.14"]
[Source "www.chesslib.no"]
[SourceDate "2004.05.04"]

1. d4 Nf6 2. c4 g6 3. Nc3 d5 4. Bg5 Ne4 5. Bh4 Nxc3 6. bxc3 dxc4 7. e3 Be6 8. Rb1 Nd7 9. Nf3 Nb6 10. a4 a5 11. Ng5 Bd5 12. e4 h6 13. exd5 hxg5 14. Bxg5 Qxd5 15. Rb5 Qe4+ 16. Be2 f6 17. Bd2 Qxg2 18. Bf3 Qh3 19. Bxb7 1/2-1/2

[Event "Ter Apel"]
[Site "?"]
[Date "1992.??.??"]
[Round "?"]
[White "Christiansen, L."]
[Black "Epishin, V."]
[Result "1-0"]
[WhiteElo "2595"]
[BlackElo "2620"]
[PlyCount "117"]
[EventDate "1992.??.??"]
[Source "ChessBase"]
[SourceDate "1992.06.01"]

1. d4 Nf6 2. c4 g6 3. Nc3 d5 4. Bg5 Ne4 5. Bf4 Nxc3 6. bxc3 dxc4 7. e3 Bg7 8. Bxc4 c5 9. Nf3 Nc6 10. O-O O-O 11. Rc1 Bf5 12. Re1 cxd4 13. exd4 Rc8 14. h3 Na5 15. Bb3 Re8 16. c4 Bd7 17. Ne5 e6 18. Qd2 b5 19. c5 Bc6 20. Nxc6 Rxc6 21. Bd6 Bf8 22. Bxf8 Rxf8 23. Bd1 Nc4 24. Qc3 e5 25. dxe5 Rxc5 26. Bg4 Qe7 27. e6 f5 28. Bf3 Rfc8 29. Qb3 Rd8 30. Rcd1 Nd2 31. Qe3 Nxf3+ 32. Qxf3 Rcc8 33. Qb3 Rxd1 34. Rxd1 Re8 35. Re1 a6 36. g3 Kg7 37. Qc3+ Qf6 38. Qc6 Re7 39. Qxa6 Qc3 40. Re3 Qc1+ 41. Kg2 Qc5 42. Qa8 Qd6 43. a3 h5 44. Qc8 Qd5+ 45. Kf1 Qd1+ 46. Re1 Qd3+ 47. Kg2 Qxa3 48. Qd8 Qb4 49. h4 g5 50. hxg5 h4 51. Re5 hxg3 52. f4 Ra7 53. Qf6+ Kg8 54. Qg6+ Kh8 55. Re2 Qc4 56. Qh5+ Kg7 57. e7 Qc6+ 58. Kxg3 Ra3+ 59. Kh2 1-0

[Event "Calviá ol (Men)"]
[Site "Mallorca"]
[Date "2004.10.26"]
[Round "11.8"]
[White "Ftacnik, Lubomir"]
[Black "Krasenkow, Michal"]
[Result "1/2-1/2"]
[WhiteElo "2533"]
[BlackElo "2676"]
[PlyCount "60"]
[EventDate "2004.10.15"]
[Source "Roberto Alvarez"]
[SourceDate "2004.10.25"]

1. d4 Nf6 2. c4 g6 3. Nc3 d5 4. Bg5 Ne4 5. Bh4 c5 6. cxd5 Nxc3 7. bxc3 Qxd5 8. e3 cxd4 9. Qxd4 Qxd4 10. cxd4 e6 11. Rb1 Nc6 12. Bb5 Bd7 13. Nf3 Be7 14. Bxe7 Kxe7 15. Kd2 Rhc8 16. Rhc1 f6 17. e4 Na5 18. Bxd7 Kxd7 19. Kd3 a6 20. Nd2 b5 21. Rxc8 Rxc8 22. a4 bxa4 23. Rb4 a3 24. Ra4 Nc6 25. Nc4 Rb8 26. Rxa3 Rb1 27. Kd2 Rf1 28. d5 exd5 29. exd5 Rxf2+ 30. Ke1 Rxg2 1/2-1/2

[Event "Kusadasi TUR"]
[Site "?"]
[Date "2006.04.04"]
[Round "1"]
[White "Hillarp Persson Tiger"]
[Black "Izoria Zviad"]
[Result "0-1"]
[WhiteElo "2548"]
[BlackElo "2652"]
[PlyCount "80"]
[EventDate "2006.??.??"]
[Source "www.chesslib.no"]
[SourceDate "2004.05.04"]

1. d4 Nf6 2. c4 g6 3. Nc3 d5 4. Bg5 Ne4 5. Bh4 Nxc3 6. bxc3 dxc4 7. e3 Be6 8. Rb1 b6 9. Nf3 Bg7 10. Nd2 O-O 11. Qf3 Bd5 12. e4 Bb7 13. Bxc4 c5 14. d5 Nd7 15. Bg3 Ne5 16. Bxe5 Bxe5 17. Qe3 Qc7 18. Nf3 Bg7 19. O-O a6 20. a4 Bc8 21. Qd3 Bd7 22. Bxa6 Bxa4 23. Rfc1 Bh6 24. Re1 Bg7 25. h3 Bxc3 26. Qxc3 Rxa6 27. e5 Rd8 28. Qd2 b5 29. Rbc1 Kg7 30. d6 exd6 31. e6 f6 32. e7 Re8 33. Nd4 Rxe7 34. Ne6+ Rxe6 35. Rxe6 Bb3 36. Re3 Bf7 37. Rce1 Ra7 38. Qb2 b4 39. g4 h6 40. h4 Qd7 0-1

[Event "Olimpiadi 2008 - open"]
[Site "Dresda GER"]
[Date "2008.11.19"]
[Round "6"]
[White "Hillarp Persson, T."]
[Black "Avrukh, B."]
[Result "1/2-1/2"]
[WhiteElo "2543"]
[BlackElo "2657"]
[PlyCount "92"]
[EventDate "2008.11.13"]
[Source "www.chesslib.no"]
[SourceDate "2004.05.04"]

1. d4 Nf6 2. c4 g6 3. Nc3 d5 4. Bg5 Ne4 5. Bh4 Nxc3 6. bxc3 dxc4 7. e3 Be6 8. Rb1 Nd7 9. Qa4 Bd5 10. Bxc4 Bxg2 11. Qb3 Bh6 12. Bxf7+ Kf8 13. Bd5 Nc5 14. Bxg2 Nxb3 15. Rxb3 Rb8 16. Nf3 Bg7 17. O-O b5 18. Bg3 Rb6 19. c4 bxc4 20. Rc3 Bf6 21. Rxc4 c6 22. Ne5 Bxe5 23. Bxe5 Rg8 24. Rfc1 Kf7 25. d5 cxd5 26. Rc5 Re8 27. Rxd5 Rd6 28. Bxd6 exd6 29. Rc6 Re6 30. Rd4 Kg7 31. h4 Qb8 32. Bd5 Rf6 33. Bb3 Kh6 34. Rcc4 Qb5 35. Rc2 Qa5 36. Rcd2 Qc5 37. Rd5 Qc8 38. Kh2 Qc3 39. Kg2 Qb4 40. R5d4 Qb7+ 41. Bd5 Qc7 42. Bb3 Qe7 43. Rg4 Rf5 44. Rdd4 Qb7+ 45. Kg1 Qc7 46. Rgf4 Rxf4 1/2-1/2

[Event "Kusadasi TUR"]
[Site "?"]
[Date "2006.04.10"]
[Round "7"]
[White "Jobava Baadur"]
[Black "Macieja Bartlomiej"]
[Result "1/2-1/2"]
[WhiteElo "2614"]
[BlackElo "2585"]
[PlyCount "162"]
[EventDate "2006.??.??"]
[Source "www.chesslib.no"]
[SourceDate "2004.05.04"]

1. d4 Nf6 2. c4 g6 3. Nc3 d5 4. Bg5 Ne4 5. Bh4 c5 6. cxd5 Nxc3 7. bxc3 Qxd5 8. e3 cxd4 9. Qxd4 Qxd4 10. cxd4 e6 11. Nf3 Be7 12. Bxe7 Kxe7 13. h4 h5 14. Bd3 Nc6 15. Kd2 Bd7 16. Rab1 Rab8 17. e4 Rhc8 18. Rhc1 Nd8 19. Ne5 Rxc1 20. Rxc1 Rc8 21. Rxc8 Bxc8 22. f3 Bd7 23. Nxd7 Kxd7 24. g4 Nc6 25. Ke3 Nb4 26. gxh5 gxh5 27. Bb1 Ke7 28. f4 Nc6 29. Bc2 Kf6 30. Bd1 Kg6 31. d5 exd5 32. exd5 Ne7 33. Kd4 Kf6 34. Bxh5 Nf5+ 35. Kc5 Ke7 36. Bf3 Nxh4 37. d6+ Kd8 38. Bxb7 f5 39. Ba6 Ng6 40. Bd3 Nxf4 41. Bxf5 Nh5 42. a4 a5 43. Kd5 Nf6+ 44. Ke5 Nh5 45. Bg4 Ng3 46. Kd4 Nf1 47. Kd3 Ng3 48. Kd4 Ke8 49. Bf3 Nf5+ 50. Kc5 Kd8 51. Bc6 Ne3 52. Bb5 Nf5 53. Kc6 Ng3 54. Bd3 Nh5 55. Bf5 Ng3 56. Bd3 Nh5 57. Kc5 Nf6 58. Bf5 Ne8 59. Be4 Nf6 60. Bf3 Nd7+ 61. Kb5 Ne5 62. Be2 Kd7 63. Kc5 Kd8 64. Bf1 Ng6 65. Bh3 Nf4 66. Bf5 Ne2 67. Kc4 Ng3 68. Bd3 Nh5 69. Kb5 Kd7 70. Kc5 Kd8 71. Bf5 Nf6 72. Kd4 Nh5 73. Be4 Nf6 74. Bc6 Nh5 75. Kc5 Ng3 76. Kb6 Nf5 77. d7 Nd4 78. Bb5 Nb3 79. Bc6 Nd4 80. Kc5 Ne6+ 81. Kb5 Kc7 1/2-1/2

[Event "Bolzano op"]
[Site "Bolzano"]
[Date "2000.07.16"]
[Round "3"]
[White "Nikolaidis, Ioannis"]
[Black "Epishin, Vladimir"]
[Result "0-1"]
[WhiteElo "2530"]
[BlackElo "2667"]
[PlyCount "132"]
[EventDate "2000.07.15"]
[Source "ChessBase"]
[SourceDate "2000.09.14"]

1. d4 Nf6 2. c4 g6 3. Nc3 d5 4. Bg5 Ne4 5. Bf4 Nxc3 6. bxc3 dxc4 7. Qa4+ c6 8. Qxc4 Bg7 9. Nf3 Nd7 10. e3 c5 11. Be2 O-O 12. O-O Qa5 13. Rfc1 Nb6 14. Qb5 Qxb5 15. Bxb5 a6 16. Be2 Bf5 17. Nd2 Nd5 18. Bg3 Nxc3 19. Rxc3 cxd4 20. exd4 Bxd4 21. Rcc1 Bxa1 22. Rxa1 Rfd8 23. Bf4 Rac8 24. Bf3 b5 25. Bb7 Rc2 26. Bxa6 b4 27. a3 bxa3 28. Rxa3 Rcxd2 29. Bxd2 Rxd2 30. h4 Rd4 31. Re3 e6 32. g3 Be4 33. Be2 h6 34. Bf3 Bf5 35. Kg2 Kg7 36. Re2 Kf6 37. Rb2 g5 38. hxg5+ hxg5 39. Kh2 e5 40. Rb6+ Be6 41. Bg2 g4 42. Rb2 Rd1 43. Re2 Rd4 44. Re1 Kf5 45. Re2 f6 46. Re1 Bb3 47. Kg1 Bd1 48. Re3 Ke6 49. Ra3 Ba4 50. Ra1 f5 51. Re1 Kf6 52. Rc1 Kg5 53. Rc5 Rd1+ 54. Kh2 Re1 55. Ra5 Bc2 56. Rc5 Bd3 57. Rc3 e4 58. Rc5 Ra1 59. Rc3 Be2 60. Rc6 Bf3 61. Rc2 Kf6 62. Rb2 Ke5 63. Rb3 Kd4 64. Re3 Ra2 65. Kg1 f4 66. gxf4 g3 0-1

[Event "Groningen PCA"]
[Site "Groningen"]
[Date "1993.??.??"]
[Round "4"]
[White "Lutz, Christopher"]
[Black "Alterman, Boris"]
[Result "0-1"]
[WhiteElo "2605"]
[BlackElo "2585"]
[PlyCount "138"]
[EventDate "1993.12.??"]
[Source "ChessBase"]

1. d4 Nf6 2. c4 g6 3. Nc3 d5 4. Bg5 Ne4 5. Bf4 Nxc3 6. bxc3 Bg7 7. e3 c5 8. Nf3 cxd4 9. cxd4 Nc6 10. cxd5 Qxd5 11. Be2 Qa5+ 12. Qd2 O-O 13. Qxa5 Nxa5 14. Bc7 b6 15. Rc1 Bb7 16. Bb5 Bd5 17. Rc2 Be4 18. Rc3 Bd5 19. Ke2 Bxa2 20. Rhc1 Bd5 21. Ba6 Bb7 22. Bxb7 Nxb7 23. Bf4 Nd8 24. Bg5 Ne6 25. Bxe7 Rfe8 26. Ba3 Nxd4+ 27. Nxd4 Bxd4 28. Rc4 Bg7 29. Rc6 Bf8 30. Bb2 Bc5 31. Kd3 Rad8+ 32. Bd4 Rd7 33. Rc4 h5 34. f4 Kf8 35. g3 Ke7 36. h3 Kd8 37. g4 hxg4 38. hxg4 Re6 39. R6xc5 bxc5 40. Rxc5 a6 41. f5 Red6 42. Ke4 Rc7 43. Ra5 Rc1 44. Ra2 Rg1 45. Kf4 Kd7 46. Rb2 gxf5 47. gxf5 Rf1+ 48. Ke4 Rc1 49. Rb7+ Rc7 50. Rb8 f6 51. Rf8 Rcc6 52. Rf7+ Kc8 53. Rf8+ Kc7 54. Rf7+ Kd8 55. Rf8+ Ke7 56. Ra8 Kd7 57. Ra7+ Kc8 58. Ra8+ Kb7 59. Ra7+ Kb8 60. Rh7 a5 61. Rh2 a4 62. Ra2 Ra6 63. Kd3 Kc7 64. Kc4 a3 65. Bc5 Rdc6 66. Kb5 Ra8 67. Rh2 Rxc5+ 68. Kxc5 Ra5+ 69. Kb4 a2 0-1

[Event "6. EICC"]
[Site "?"]
[Date "2005.06.25"]
[Round "7"]
[White "Jobava Baadur"]
[Black "Lupulescu Constantin"]
[Result "1/2-1/2"]
[WhiteElo "2637"]
[BlackElo "2546"]
[PlyCount "82"]
[EventDate "2005.??.??"]
[Source "www.chesslib.no"]
[SourceDate "2004.05.04"]

1. d4 Nf6 2. c4 g6 3. Nc3 d5 4. Bg5 Ne4 5. Bh4 Nxc3 6. bxc3 c5 7. cxd5 Qxd5 8. e3 cxd4 9. Qxd4 Qxd4 10. cxd4 e6 11. Nf3 Bb4+ 12. Nd2 Nc6 13. Bb5 Bd7 14. Bf6 Rg8 15. Rb1 a5 16. Kd1 Ne5 17. Bxd7+ Nxd7 18. Ne4 g5 19. Ke2 Rg6 20. Be5 f5 21. Nd6+ Ke7 22. Nb5 Nxe5 23. dxe5 Rgg8 24. Rhc1 Rgc8 25. a3 Bc5 26. Nd6 Bxd6 27. exd6+ Kxd6 28. Rd1+ Kc7 29. Rb5 Ra6 30. e4 fxe4 31. Rxg5 Kb8 32. Rd7 Rc2+ 33. Ke3 Rb6 34. Rxh7 Rb3+ 35. Kxe4 Rxf2 36. g4 Re2+ 37. Kd4 Rbb2 38. h4 Ka7 39. Rgg7 Ka6 40. g5 Rbd2+ 41. Kc3 Rc2+ 1/2-1/2